ბათუმის შოთა რუსთაველის სახელმწიფო უნივერსიტეტის ბიბლიოთეკა

Технологические оборудования предприятий мясной промишленности. (ბიბ.ჩანაწერი № 47050)

000 -LEADER
fixed length control field 00842nam a2200229Ia 4500
001 - CONTROL NUMBER
control field 13907
003 - CONTROL NUMBER IDENTIFIER
control field GE_BSU
008 - FIXED-LENGTH DATA ELEMENTS--GENERAL INFORMATION
fixed length control field 181216s||||||||xx |||||||||||||| ||und||
040 ## - CATALOGING SOURCE
Transcribing agency GE_BSU
080 ## - UNIVERSAL DECIMAL CLASSIFICATION NUMBER
Universal Decimal Classification number 637.5.002.5(075.8)
100 ## - MAIN ENTRY--PERSONAL NAME
Personal name Пелеев,А.И.
245 ## - TITLE STATEMENT
Title Технологические оборудования предприятий мясной промишленности.
245 ## - TITLE STATEMENT
Remainder of title Учебник.
245 ## - TITLE STATEMENT
Statement of responsibility, etc. Ред. П.А.Вщивцев.
250 ## - EDITION STATEMENT
Edition statement Изд третье, перераб.и дополненное.
260 ## - PUBLICATION, DISTRIBUTION, ETC.
Place of publication, distribution, etc. М.
260 ## - PUBLICATION, DISTRIBUTION, ETC.
Name of publisher, distributor, etc. Пищевая промышленность.
260 ## - PUBLICATION, DISTRIBUTION, ETC.
Date of publication, distribution, etc. 1971.
300 ## - PHYSICAL DESCRIPTION
Extent 520 стр. 27 см. с илл.
653 ## - INDEX TERM--UNCONTROLLED
Uncontrolled term Технологические оборудования предприятий мясной промишленности.
942 ## - ADDED ENTRY ELEMENTS (KOHA)
Koha item type წიგნი
ეგზემპლარები
Withdrawn status Lost status Damaged status Not for loan Date acquired Barcode Date last seen Price effective from Koha item type
        2018-12-17 12115 2018-12-17 2018-12-17 წიგნი